Georgio - Quel est le son ? #1 - Statistiques

Statistiques générales
  • Ce quiz a été pris 22 fois
  • Le résultat moyen est 5 sur 36
Statistiques - réponses
Hint Réponse % Correct
L'éducation, l'ouverture d'esprit rend nos parents pauvres Héra
64%
Canaliser mes émotions quand j'me laisse guider par mes élans d'folie Brûle
36%
Des verres de vin, qui me donneraient l'air de vaincre L'or de sa vapeur rouge
36%
Il voulait juste une balade dans un carrosse Malik
36%
Et j'suis jamais au bout d'mes peines, mon ex m'appelle mais tout est perdu Dans mon élément (feat. ISHA)
29%
J’calcule pas les ventes et j'crie "Kobe" quand j’marque Froid (feat. Josman)
29%
J'ai passé la moitié d'ma nuit à tuer des zombies sur Call Of Posthume
29%
T'écoutes mon dernier titre, tu m'dis qu'c'est trop chaud mais rien qu'ça boycotte Quand tout s'enflamme (feat. PLK)
29%
Toujours ensemble, j’t’accompagne en vélo quand tu cours en nature 31 Janvier (feat. Victor Solf)
21%
"Promis je t'aime" déposé sur ton lit sur un bout d'papier Esprit libre
21%
On m'a dit : "Le monde est à toi", mais qu'est-ce que j'ai à offrir ? Full moon (feat. S.Pri.Noir)
21%
J't'ouvre plus la porte de chez moi, musclé à cause de la lourdeur de mes péchés Hôtel 5 étoiles
21%
J'oublie l'essentiel, le bonheur, la famille, les années passent vites c'est maintenant, il faut qu'on s'active Couronne
14%
Le bonheur est dans ces moments là (le bonheur est dans les choses simples) Infini
14%
Les études n'ont pas fait de nous des cinéastes, trois quart d'mes amis sont à la recherche de taff Les anges dans des robes rouges
14%
Tester ce que j'avais dans l'ventre avec des mecs qu'avaient plus rien à perdre Miroir
14%
Et qu'est-ce que je donnais de moi aux filles rencontrées en tournées ? Quand le soleil tombe
14%
Tu quitteras la maison laissant des chrysanthèmes dans l'satin Rose noire (feat. Elisa JO)
14%
J'ai oublié mes résolutions, musclé grâce à mes 5 étages À l’abri
7%
Comment scier mes chaînes, elles sont dans ma tête, elles coulent dans mes veines Aujourd'hui
7%
J'ai du mal à croire qu'avec les femmes on a déjà tout vécu Concept flou (feat. Cœur de pirate)
7%
J'ai rarement vécu en paix, nan y a aucun ange sur mon épaule droite Émotions masquées (feat. Kalash Criminel)
7%
J'habite un quartier d'chiens ou les anciens sont tous en galère de pascal Énigme
7%
Rien n'est jamais trop simple quand on a peur d'étouffer Hier
7%
Faut tout l'temps faire semblant que mes nuits ne sont pas si cruelles Jeudi gris
7%
Le frigo vide, les lettres de pôle emploi, les demandes d'APL Les anges déchus, les gens déçus
7%
Mes erreurs j’les porte à merveille, toutes mes défaites sont essentielles Près du feu (feat. Mister V)
7%
Je lui dirai : "n'écoute pas ta tête, sans ta belle-sœur je meurs" Rêveur - Pour Anatole
7%
Mais rien qu'tu m'juges sur Twitter, le terrain est miné, c'est l'Vietnam Barbara (feat. Vald)
0%
À la base, on comptait les centimes, on avait réduit notre appétit Issue de secours (feat. Luv Resval)
0%
J'rêve d'être sourd pour n'plus entendre aboyer mes frangins La terre, je la dévore
0%
Sensible mais pas fragile, beaucoup d'choses m'attendrissent L'espoir meurt en dernier
0%
Choisir ses potes et ses armes, prendre ses clopes et des claques Le tour de Babel
0%
Car avec l'alcool tu t'envoles quand t'es faible et les vautours le savent Saleté de rap
0%
J'veux un Mac Chicken, avec la salade de Nessbeal Sex, Drug & Rock'n'roll (feat. Alpha Wann, Lomepal & Vald)
0%
La princesse de la toundra n'est qu'une pute à Paris Svetkana et Maïakovski
0%
Aucun quiz correspondant
Distribution des résultats
% des personnes avec chaque résultat
Percentile par nombre de réponses
Votre historique - résultats
Vous n’avez pas pris ce quiz